000 00602nam a2200217Ia 4500
005 20260429112134.0
008 260429s9999||||xx |||||||||||||| ||und||
020 _a9781041044840
041 _aEnglish
082 _a016.3054
_bPAN
100 _aPandit, Harshida
245 0 _aWomen of India :
_ban annotated bibliography /
_cHarshida Pandit
250 _a1st ed.
260 _aLondon :
_bRoutledge,
_c2025.
300 _axii, 278 p.; pbk
440 _aRoutledge library editions : British in India, Vol. 26
650 _a Bibliography
650 _a India
650 _aWomen
942 _cTB
999 _c52548
_d52548